00295nam a2200121Ia 4500008004100000041000800041100002100049245002300070260004500093300000800138365000800146999001900154231011s9999 xx 000 0 und d aeng aParker Palmer J. aA Hidden Wholeness bWiley India Private Ltd. New Delhic2010 a259 b297 c898832d898832